<?xml version="1.0" encoding="UTF-8"?>
<record
    xmlns:xsi="http://www.w3.org/2001/XMLSchema-instance"
    xsi:schemaLocation="http://www.loc.gov/MARC21/slim http://www.loc.gov/standards/marcxml/schema/MARC21slim.xsd"
    xmlns="http://www.loc.gov/MARC21/slim">

  <leader>01512nam a22002537a 4500</leader>
  <controlfield tag="003">AR-RoUNCS</controlfield>
  <controlfield tag="005">20260223085124.0</controlfield>
  <controlfield tag="008">161018s2015    ag a   br     001 f spa  </controlfield>
  <datafield tag="015" ind1=" " ind2=" ">
    <subfield code="a">AR-2015</subfield>
  </datafield>
  <datafield tag="020" ind1=" " ind2=" ">
    <subfield code="a">978-987-24750-4-8</subfield>
  </datafield>
  <datafield tag="040" ind1=" " ind2=" ">
    <subfield code="a">AR-BaBN</subfield>
    <subfield code="b">spa</subfield>
    <subfield code="c">AR-BaBN</subfield>
    <subfield code="e">aacr</subfield>
  </datafield>
  <datafield tag="080" ind1="1" ind2=" ">
    <subfield code="a">82-32(410)</subfield>
    <subfield code="2">2016</subfield>
  </datafield>
  <datafield tag="100" ind1="1" ind2=" ">
    <subfield code="a">Stevenson, Robert Louis, </subfield>
    <subfield code="d">1850-1894</subfield>
    <subfield code="e">autor</subfield>
  </datafield>
  <datafield tag="245" ind1="1" ind2="3">
    <subfield code="a">El extra&#xF1;o caso del doctor Jekyll y el se&#xF1;or Hyde /</subfield>
    <subfield code="c">Robert L. Stevenson.</subfield>
  </datafield>
  <datafield tag="250" ind1=" " ind2=" ">
    <subfield code="a">1a ed., 2a reimpr.</subfield>
  </datafield>
  <datafield tag="260" ind1=" " ind2=" ">
    <subfield code="a">Buenos Aires :</subfield>
    <subfield code="b">La Estaci&#xF3;n,</subfield>
    <subfield code="c">2015.</subfield>
  </datafield>
  <datafield tag="300" ind1=" " ind2=" ">
    <subfield code="a">47 p. :</subfield>
    <subfield code="b">principalmente il. col. ;</subfield>
    <subfield code="c">22 cm.</subfield>
  </datafield>
  <datafield tag="520" ind1="3" ind2=" ">
    <subfield code="a">Londres, a fines del S. XIX, es una ciudad moderna: suntuosos edificios, calles iluminadas por faroles de gas, elegantes carruajes y peatones refinados... Sin embargo, en medio de tanto esplendor, empiezan a surgir los indicios de una amenaza, a trav&#xE9;s de los cr&#xED;menes de un tal se&#xF1;or hyde. A lo largo de un relato que mantiene en vilo al lector, Stevenson va desplegando poco a poco las claves del siniestro personaje, hasta llegar al mayor de todos los misterios: su extra&#xF1;a relaci&#xF3;n con el doctor Jekyll, un ciudadano ejemplar. Desde el momento de su publicaci&#xF3;n, esta novela se ha consagrado como una obra maestra del suspenso y con una fascinante indagaci&#xF3;n del alma humana. </subfield>
    <subfield code="c">(Descripci&#xF3;n del editor).</subfield>
  </datafield>
  <datafield tag="650" ind1=" " ind2="7">
    <subfield code="2">embne</subfield>
    <subfield code="a">Litaratura inglesa</subfield>
  </datafield>
  <datafield tag="655" ind1=" " ind2="7">
    <subfield code="a">Novelas cortas</subfield>
    <subfield code="2">embne</subfield>
  </datafield>
  <datafield tag="655" ind1=" " ind2="7">
    <subfield code="a">Novelas fant&#xE1;sticas</subfield>
    <subfield code="2">embne</subfield>
  </datafield>
  <datafield tag="655" ind1=" " ind2="7">
    <subfield code="a">Libros juveniles</subfield>
    <subfield code="2">embne</subfield>
  </datafield>
  <datafield tag="942" ind1=" " ind2=" ">
    <subfield code="2">udc</subfield>
    <subfield code="c">OG</subfield>
    <subfield code="n">0</subfield>
  </datafield>
  <datafield tag="999" ind1=" " ind2=" ">
    <subfield code="c">910</subfield>
    <subfield code="d">910</subfield>
  </datafield>
  <datafield tag="952" ind1=" " ind2=" ">
    <subfield code="0">0</subfield>
    <subfield code="1">0</subfield>
    <subfield code="2">udc</subfield>
    <subfield code="4">0</subfield>
    <subfield code="7">0</subfield>
    <subfield code="8">CG</subfield>
    <subfield code="a">ESOCIALES</subfield>
    <subfield code="b">ESOCIALES</subfield>
    <subfield code="d">2026-02-23</subfield>
    <subfield code="e">Donaci&#xF3;n 2023</subfield>
    <subfield code="l">0</subfield>
    <subfield code="o">82-32(410) ST847</subfield>
    <subfield code="p">000591</subfield>
    <subfield code="r">2026-02-23 09:06:43</subfield>
    <subfield code="w">2026-02-23</subfield>
    <subfield code="y">OG</subfield>
  </datafield>
</record>
